000 00409nam a22001697a 4500
005 20160627114735.0
008 160627b xxu||||| |||| 00| 0 eng d
020 _a81-297-0497-8
041 _aeng
082 _b10460
100 _aThorpe, Edgar and Showick
_92921
245 _aConcise General Knowledge Manual (2005)
260 _bPearson
300 _a13.145
650 _aManagement
_9241
942 _cBK
999 _c4225
_d4224